| 000 | 01039nam a2200253Ia 4500 | ||
|---|---|---|---|
| 005 | 20211111080552.0 | ||
| 008 | 130821s2006 enka gr eng | ||
| 020 | _a9780521027922 | ||
| 040 |
_aCo-BoUCM _bspa _cLuz Cupitra (modificó) _dLuz Cupitra (modificó) |
||
| 041 | 0 | 0 | _aeng |
| 100 | 1 |
_aBrennan, Geoffrey _d1944- _975187 |
|
| 245 | 1 | 4 |
_aThe power to tax analytical foundations of a fiscal constitution _cGeoffrey Brennan, James M. Buchanan |
| 260 |
_aCambridge (Inglaterra) _bCambridge University Press _c2006 |
||
| 300 |
_axiv, 231 páginas _bilustraciones |
||
| 650 | 0 | 4 |
_aDerecho fiscal _912769 |
| 650 | 0 | 4 |
_aFinanzas _97628 |
| 650 | 0 | 4 |
_aImpuestos _917233 |
| 650 | 0 | 4 |
_aTributación económica _925886 |
| 700 | 1 |
_aBuchanan, James Mcgill _d1919- _975188 |
|
| 856 | 4 | 1 |
_3Contenido _uhttp://www.loc.gov/catdir/enhancements/fy0703/2007273571-t.html |
| 856 | 4 | 2 |
_3Publicador _uhttp://www.loc.gov/catdir/enhancements/fy0703/2007273571-d.html |
| 942 |
_a7 _e1 _kR _mB838 _cLIBRO _2DEWEY _h336.2 |
||
| 999 |
_c60096 _d60096 |
||